Robert Bosch Elektronika Kft. tervezési folyamatai
| Main Author: | |
|---|---|
| Other Authors: | |
| Format: | Thesis |
| Kulcsszavak: | anyagellátási tevékenység elektronikai alkatrészgyártás gyártástervezés logisztika vevői elégedettség index |
| Online Access: | http://dolgozattar.uni-bge.hu/60112 |
MARC
| LEADER | 00000nta a2200000 i 4500 | ||
|---|---|---|---|
| 001 | dolg60112 | ||
| 005 | 20260409150015.0 | ||
| 008 | 260409suuuu hu om 000 hun d | ||
| 040 | |a BGE Dolgozattár Repozitórium |b hun | ||
| 041 | |a hu | ||
| 100 | 1 | |a Horváth Boglárka | |
| 245 | 1 | 0 | |a Robert Bosch Elektronika Kft. tervezési folyamatai |c Horváth Boglárka |h [elektronikus dokumentum] |
| 520 | 3 | |a A dolgozat a hatvani Robert Bosch Elektronika Kft.-nél végzett szakmai gyakorlatom tapasztalataira épül. Bemutatom a Bosch csoport magyarországi tevékenységét, különös tekintettel a radar- és kameragyártásra. Részletesen ismertetem az SAP vállalatirányítási rendszert, a termelési folyamatokat, valamint a customer plannerek munkáját. Kiemelt figyelmet fordítok a mid-range radar gyártására, a vevői logisztikára, a tervezési modellekre, és fejlesztési javaslatokat is megfogalmazok. | |
| 695 | |a anyagellátási tevékenység | ||
| 695 | |a elektronikai alkatrészgyártás | ||
| 695 | |a gyártástervezés | ||
| 695 | |a logisztika | ||
| 695 | |a vevői elégedettség index | ||
| 700 | 1 | |a Kozár Dr. László |e ths | |
| 856 | 4 | 0 | |u http://dolgozattar.uni-bge.hu/60112/1/szakdolgozat.pdf |z Dokumentum-elérés |
| 856 | 4 | 0 | |u http://dolgozattar.uni-bge.hu/60112/2/titkositasi%20kerelem.pdf |z Dokumentum-elérés |
| 856 | 4 | 0 | |u http://dolgozattar.uni-bge.hu/60112/3/Horv%C3%A1th.b%C3%ADr.pdf |z Dokumentum-elérés |
| 856 | 4 | 0 | |u http://dolgozattar.uni-bge.hu/60112/4/BA%20KM%20Horv%C3%A1th%20Bogl%C3%A1rka_Koz%C3%A1r%20.pdf |z Dokumentum-elérés |